Strategic procurement : organizing suppliers and supply chains for competitive advantage / (Record no. 1310)
| 000 -LEADER | |
|---|---|
| fixed length control field | 00931cam a2200265 a 4500 |
| 001 - CONTROL NUMBER | |
| control field | 16177347 |
| 003 - CONTROL NUMBER IDENTIFIER | |
| control field | OSt |
| 005 - DATE AND TIME OF LATEST TRANSACTION | |
| control field | 20140409133312.0 |
| 008 - FIXED-LENGTH DATA ELEMENTS--GENERAL INFORMATION | |
| fixed length control field | 100408s2010 enk b 001 0 eng |
| 010 ## - LIBRARY OF CONGRESS CONTROL NUMBER | |
| LC control number | 2010013870 |
| 015 ## - NATIONAL BIBLIOGRAPHY NUMBER | |
| National bibliography number | GBB065288 |
| Source | bnb |
| 016 7# - NATIONAL BIBLIOGRAPHIC AGENCY CONTROL NUMBER | |
| Record control number | 015562509 |
| Source | Uk |
| 020 ## - INTERNATIONAL STANDARD BOOK NUMBER | |
| International Standard Book Number | 9780749460228 (pbk.) |
| 022 ## - INTERNATIONAL STANDARD SERIAL NUMBER | |
| International Standard Serial Number | 9780749460228 |
| 050 00 - LIBRARY OF CONGRESS CALL NUMBER | |
| Classification number | HD39.5.B66 2010 |
| 100 1# - MAIN ENTRY--PERSONAL NAME | |
| Personal name | Booth, Caroline, |
| Dates associated with a name | 1958- |
| 245 10 - TITLE STATEMENT | |
| Title | Strategic procurement : organizing suppliers and supply chains for competitive advantage / |
| Statement of responsibility, etc | Caroline Booth. |
| 260 ## - PUBLICATION, DISTRIBUTION, ETC. (IMPRINT) | |
| Place of publication, distribution, etc | London ; |
| -- | Philadelphia : |
| Name of publisher, distributor, etc | Kogan Page, |
| Date of publication, distribution, etc | 2010. |
| 300 ## - PHYSICAL DESCRIPTION | |
| Extent | xi, 180 p. ; |
| Dimensions | 24 cm. |
| 504 ## - BIBLIOGRAPHY, ETC. NOTE | |
| Bibliography, etc | Includes bibliographical references (p. [177]-178) and index. |
| 650 #0 - SUBJECT ADDED ENTRY--TOPICAL TERM | |
| Topical term or geographic name as entry element | Industrial procurement. |
| 650 #0 - SUBJECT ADDED ENTRY--TOPICAL TERM | |
| Topical term or geographic name as entry element | Business logistics. |
| 942 ## - ADDED ENTRY ELEMENTS (KOHA) | |
| Source of classification or shelving scheme | |
| Koha item type | Book |
| Withdrawn status | Lost status | Source of classification or shelving scheme | Damaged status | Not for loan | Home library | Current library | Date acquired | Total Checkouts | Full call number | Barcode | Date last seen | Date checked out | Copy number | Price effective from | Koha item type |
|---|---|---|---|---|---|---|---|---|---|---|---|---|---|---|---|
| Riara University Library | Riara University Library | 09/04/2014 | 3 | HD39.5.B66 2010 | 4675/14 | 01/08/2018 | 13/07/2018 | C.1 | 09/04/2014 | Book | |||||
| Riara University Library | Riara University Library | 09/04/2014 | 4 | HD39.5.B66 2010 | 4676/14 | 08/12/2016 | 02/12/2016 | C.2 | 09/04/2014 | Book |
